000 00596nam a2200193 4500
001 117469
003 ES-MaACL
005 20250607063027.0
007 t|
008 070214s1967 sp r ||||1| spa d
100 1 _aPániker, Salvador,
_d1927-
_988794
245 1 0 _aConversaciones en Cataluña /
_cSalvador Paniker ; fotografías: Xavier Miserachs.
250 _a3ª ed.
260 _aBarcelona :
_bKairós,
_c1967.
300 _a176 p., 18 lám. ;
_c25 cm.
700 1 _aMiserachs, Xavier,
_d1937-1998
_981644
852 _aES-MaACL
_jC-32369
_bR.63175
999 _c117469
_d117469